000 00592nam a2200229Ia 4500
003 OSt
005 20221007071714.0
006 a|||||r|||| 00| 0
007 ta
008 221006b |||||||| |||| 00| 0 eng d
024 _a30,207
037 _cTextual
040 _aFLL
_cFLL
_beng
041 _2eng
_aeng
082 _aZ,91, L7
100 _aDworkin Ronald
245 0 _aTaking rights seriously
260 _aLondon
_bGerald Duckworth & Co. Ltd. London
_c1977
300 _axv,290p
_ccm.
942 _hZ,91, L7
_cTEXL
_2CC
999 _c1144034
_d1144034